| 000 | 00523cam a2200193ua 4500 | ||
|---|---|---|---|
| 020 | _c1950.00 | ||
| 041 |
_aeng _h |
||
| 082 |
_a631.5841 _bSOL/FA |
||
| 100 | _aSolaimalai, A . | ||
| 245 |
_aFarming systems: theory and practice / _cA Solaimalai. _hTextual Documents |
||
| 260 |
_aLucknow : _bInternational book distributing co. , _c2005. |
||
| 300 |
_a698 ; _eCD. |
||
| 365 | _a1950.00 | ||
| 504 | _a | ||
| 700 | 1 | _aChandrasekar, B . | |
| 700 | 1 | _aRAvisankar, N . | |
| 942 | _cBK | ||
| 999 |
_c13289 _d13289 |
||